000 01454nam a2200313Ia 4500
001 H2472
003 IT-RoPAU
008 130308s9999 xx 000 0 und d
040 _aIT-RoPAU
040 _cIT-RoPAU
041 _aITALIANO
100 _aFenati Barbara
100 _gCodice Aut. SPICS: 19041
245 _aFormati e pubblici della radio
245 _bRadio (La). Percorsi e territori di un medium mobile e Interattivo
250 _a1a ed.
260 _aBOLOGNA
260 _bBaskerville
260 _c2002 [1° Ed.:2002 - Ed.Ling.Originale:2002]
300 _a"88 p. (prefazione: no ; testo: 88 [pagine: 67-154])"
500 _aFare la Radio Negli Anni 2000 di B. Fenati. Radio Pubblica, Radio di Servizio, Radio Nazionale di F. Monteleone. Il successo dell'impresa Radiofonicadi P. Varvello. Radio Attivi: Il Grande ritorno delle Onde di I. Moscati. Ascoltatori che Partecipano: le Telefonate in 12 Radio italiane di F. tonello. Sull'Onda degli Ascolti: I tanti pubblici della Radio di G. Roberti. Qualche ragionamento su un futuro Radioso di A. Testa. La Pubblicità Radiofonica: tra Creatività e Convenzionalità di C. Cacciari. Radio e Industria Discografica: l'evoluzione dei Rapporti Fra Partnership e competizione di D. Doglio.
650 _aTEORICHE RADIOFONICHE
650 _eCodice materia Spics: 6905
700 _aAA.VV.
700 _gCodice Aut. SPICS: 12000
942 _cBK
957 _71
999 _c84343
_d84343
999 _g1